01487nab a22001937a 4500003000400000005001700004008004100021040000700062100003200069245015900101260007200260300001300332500003900345505064200384505008901026650002001115650002501135773013301160OSt20260114010102.0190605e xxu||||| |||| 00| 0 spa d cPJ aGarcía Huidobro, Victoria13aEl salario del trabajador rural en el régimen de la ley 26.727. Competencia de la Comisión Nacional de Trabajo Agrario /cVictoria García Huidobro.  aCiudad Autónoma de Buenos Aires :bThomson Reuters La Ley,c2024. ap. 68-83 aCita: TR LALEY AR/DOC/3003/2023.  aSumario: I. Antecedentes históricos.— II. Nociones básicas del Régimen de Trabajo Agrario, instituido por ley 26.727.— III. Síntesis preliminar.— IV. La res. 230/2022 de la CNTA.— V. La Competencia de la Comisión Nacional de Trabajo Agrario.— VI. Deliberación y buena fe negocial.— VII. La motivación de la res. 230/2022.— VIII. La razonabilidad de la medida.— IX. La medida cautelar dictada en autos "Sociedad Rural Argentina Asociación Civil y otros c. Ministerio de Trabajo Empleo y Seguridad Social de la Nación s/ medida cautelar" (Expte. CNT 2473/2023).— X. Conclusión.— XI. Bibliografía.  t¿Te interesa el texto completo? Solicitalo al correo: koha@justierradelfuego.gov.ar 0aDERECHO LABORAL 0aTRABAJADORES RURALES0 02711dCiudad Autónoma de Buenos Aires : Thomson Reuters La Ley, 1999-2002.tRevista de derecho del trabajo. Nº 1 - Enero 2024